Global Cuisine by Images - Q - Statistics

General Stats
  • This quiz has been taken 31 times
  • The average score is 3 of 16
Answer Stats
Picture Answer % Correct
Quesadilla
93%
Quiche
85%
Quinoa Salad
37%
Quail Eggs
33%
Quarkballchen
19%
Queso Dip
19%
Quince Tart
11%
Quenelle
7%
Queen of Puddings
4%
Qatayef
0%
Qatlama
0%
Qottab
0%
Quark Souffle
0%
Queijadinha
0%
Quetschentaart
0%
Quindim
0%
No matching quizzes found
Score Distribution
Percent of People with Each Score
Percentile by Number Answered
Your Score History
You have not taken this quiz